Lanean...
Philosophy and education/
| Beste egile batzuk: | |
|---|---|
| Formatua: | Printed Book |
| Hizkuntza: | English |
| Argitaratua: |
Meerut:
Anu Prakashan,
|
| Gaiak: |
| LEADER | 00517nam a2200145Ia 4500 | ||
|---|---|---|---|
| 008 | 101008s9999 xx 000 0 eng d | ||
| 082 | |a 370.1 | ||
| 245 | |a Philosophy and education/ |c edited by Michael V. Belok & Joe L. Green | ||
| 260 | |a Meerut: |b Anu Prakashan, | ||
| 300 | |a 227 Pages | ||
| 650 | |a Educational Philosophy | ||
| 700 | |a Belok, Michael V |e editor. | ||
| 942 | |c BK | ||
| 999 | |c 183049 |d 183049 | ||
| 952 | |0 0 |1 0 |2 ddc |4 0 |6 370_100000000000000_PHI |7 0 |9 202342 |a EDU |b EDU |c ST1 |d 2010-10-20 |i 4633 |o 370.1 PHI |p EDU4633 |r 2015-09-01 |y BK | ||